00753nam a22001937a 450000500170000001000150001702000300003203500140006203700130007608200080008924501130009726000580021027001620026830000500043070000230048070000190050370000160052270000210053820210308172654.0 aENG-129169 a978-93-88096-17-1c399.00 aEN-112701 bDBAD/PUB a510 aMathematics-I: as per new JNTU Hyderabad Syllabus R 18 (Common to All Branches)/cB. Ravindra Reddy, et. al. aHyderabadbSeven Hills International Publishersc2019 bHyderabade500038a3326/C, Level-4, Surneni Nilayam, Near B K Gupta Park, S R Nagark91 40 23710657, 238000657l91 40 23810657mstudentshelpline.in@gmail.com axv+528p.c24cm(pbk)bIncluding illustrations. aReddy, B. Ravindra aG. Gopikrishna aR. Srilatha aA. Vijayalakshmi